A Quiz About Love - Statistics

General Stats
  • This quiz has been taken 24 times
  • The average score is 11 of 16
Answer Stats
Hint Answer % Correct
Famous Egyptian queen whose romance shaped history Cleopatra
96%
Romantic film set aboard ill-fated ocean liner Titanic
91%
Indian monument built as eternal testament to love by a Mughal emperor for his wife Taj Mahal
87%
Italian city immortalized by tragic story of Romeo and Juliet Verona
83%
Day associated with roses, cards, and romance in February Valentine's Day
78%
1992 Whitney Houston ballad about unwavering loyalty and affection I Will Always Love You
74%
Writers like Victor Hugo explored love and heartbreak set in this city Paris
70%
Roman goddess associated with beauty and romantic desire Venus
70%
Musical depicting romance amid rival gangs in New York West Side Story
70%
Figure in Greek mythology who fell in love with his own reflection Narcissus
65%
Romantic ballet by Tchaikovsky featuring magical love and tragic sacrifice Swan Lake
65%
Famous painting by Gustav Klimt shows couple embracing in golden robes The Kiss
61%
Story of lovers whose romance defied class and convention in 19th-century Russia Anna Karenina
57%
Ancient Greek concept describing passionate romantic desire Eros
48%
Romantic musical film set in Los Angeles with jazz and first love themes La La Land
43%
Japanese classic novel exploring courtly romance and desire Tale of Genji
9%
No matching quizzes found
Score Distribution
Percent of People with Each Score
Percentile by Number Answered
Your Score History
You have not taken this quiz